000 00605nam a22001817a 4500
999 _c170003
_d170003
005 20191210111744.0
010 _aENG-127041
020 _c499.00
_a9789353940324
035 _aEN-110573
037 _bDBAD/PUB
082 _a530
_23rd
100 _aSardana, Rahul
245 _aJEE advanced physics :
_cby Rahul Sardana
_boptics /
260 _aNoida
_bPearson India Education
_c2020
270 _a15th Floor, Tower-B, World Trade Tower, Plot No.1, Block-C, Sector 16
_bNoida, Uttar Pradesh
_e201301
_k044-66540100
300 _aVarious paging
_c25cm(pbk)
942 _2ddc
_cEN
_h530
_mSAR